A volt Osztrák–Magyar Monarchia országainak zászlói – hirtelen halál - Statistics

General Stats
  • This quiz has been taken 21 times
  • The average score is 9 of 13
Answers on the Grid
Answers color-coded by a green-red scale on the quiz's grid according to % correct below.
 
Answer Stats
Answer % Correct
100%
92%
85%
85%
85%
77%
69%
69%
62%
54%
54%
38%
31%
No matching quizzes found
Score Distribution
Percent of People with Each Score
Percentile by Number Answered
Your Score History
You have not taken this quiz